00720nam a2200193 a 450000100100000000500170001000800410002702000150006804000250008310000510010824501100015926000270026930000270029650400300032350000210035350400710037470000260044571000550047100004203520201002035911.0131111s1989 sp 000 0 spa d a8400069498 aDO-SdBNPbspacBNPHU1 aIbn al-Ahmar, Isma'il b. Yusufq(Ibn al-Ahmar)10aRawdat al-nisrin fi dawlat Bani Marin /cintroducción y traducción anotada de Miguel Ángel Manzano. aMadrid :bCSIC,c1989. axxiv, 182 p. ;c24 cm. aBibliografía : 129-138. aIncluye índice aIncluye referencias bibliográficas y notas al pie de las paginas1 aManzano, Miguel,etr.2 aConsejo Superior de Investigaciones Científicas,